| 000 | 00888nam a2200277Ia 4500 | ||
|---|---|---|---|
| 003 | GCL | ||
| 008 | 140319s9999 xx 000 0 ara d | ||
| 040 |
_aGCL / _cGCL |
||
| 082 | 0 | 4 |
_a332 _bم م |
| 100 | 1 | _aعادل احمد حشيش | |
| 245 | 1 | 0 |
_aمبادىء الاقتصاد النقدى والمصرفى / _cعادل احمد حشيش |
| 700 | 1 | _aمحمد حامد دويدار | |
| 260 |
_a[S.N] : _bمؤسسة الثقافةالجامعية للطبع والنشر |
||
| 300 | _a172 ص | ||
| 490 | _a | ||
| 650 | 0 | 4 | _aالاقتصاد |
| 650 | 0 | 4 | _aالسياسة المالية |
| 650 | 0 | 4 | _aالنقود |
| 650 | 0 | 4 | _aالاجتماع |
| 650 | 0 | 4 | _aالنظام النقدى |
| 650 | 0 | 4 | _aالاوراق المالية |
| 650 | 0 | 4 | _aالبنوك |
| 650 | 0 | 4 | _aالنقود المعدنية |
| 650 | 0 | 4 | _aالاجتماع الاقتصادى |
| 942 |
_2ddc _cBK |
||
| 999 |
_c58670 _d58670 |
||